Global financial stability report responding to the financial crisis and measuring systemic risks

Salvato in:
Dettagli Bibliografici
Natura: Libro
Lingua:inglese
Pubblicazione: Washington, D.C. International Monetary Fund 2009
Serie:World economic and financial surveys
Soggetti:
Tags: Aggiungi Tag
Nessun Tag, puoi essere il primo ad aggiungerne!!

MARC

LEADER 00000nam$a2200000$$$4500
001 0107292
005 20260105083410.0
020 |a 978-1-58906-809-4 
041 0 |a eng 
044 |a US 
245 1 0 |a Global financial stability report  |b responding to the financial crisis and measuring systemic risks 
264 1 |a Washington, D.C.  |b International Monetary Fund  |c 2009 
300 |a 222 s. 
490 1 |a World economic and financial surveys 
830 0 |a World economic and financial surveys 
610 2 0 |a trh finančný medzinárodný 
610 2 0 |a trh finančný 
610 2 0 |a financie 
610 2 0 |a financie medzinárodné 
610 2 0 |a kapitál 
610 2 0 |a riziko finančné 
610 2 0 |a stabilita finančná 
610 2 0 |a kríza finančná 
610 2 0 |a krajiny rozvojové